Membres non permanents du Conseil de Sécurité de l’ONU - Mort subite - Statistiques

Statistiques générales
  • Ce quiz a été pris 225 fois
    50 depuis la dernière actualisation
  • Le résultat moyen est 2 sur 10
Answers on the Grid
Answers color-coded by a green-red scale on the quiz's grid according to % correct below.
Algérie
Allemagne
Somalie
Panama
Guyana
Équateur
Serbie
Danemark
Éthiopie
Saint Marin
Pakistan
Jordanie
Corée du Sud
Sierra Leone
Suisse
Australie
Mexique
Burkina Faso
Slovénie
Grèce
 
Statistiques - réponses
Réponse % Correct
Algérie
38%
Danemark
31%
Grèce
27%
Guyana
27%
Slovénie
19%
Pakistan
15%
Somalie
15%
Corée du Sud
12%
Panama
8%
Sierra Leone
8%
Aucun quiz correspondant
Distribution des résultats
% des personnes avec chaque résultat
Percentile par nombre de réponses
Votre historique - résultats
Vous n’avez pas pris ce quiz depuis la dernière actualisation